| 000 | 04077nam0a2200505 4500 | ||
|---|---|---|---|
| 001 | RU\NLR\BIBL_A\012839634 | ||
| 005 | 20220825150553.0 | ||
| 010 | _a978-5-7567-1201-8 | ||
| 021 |
_aRU _bКН-П-22-021773 _9КН-П-22-1869 |
||
| 035 | _a(NLR Aleph) 012839634 | ||
| 035 | _a(RuMoRGB)011035242 | ||
| 090 |
_a12391444 _c12391444 |
||
| 100 | _a20220705d2022 k y0rusy50 ca | ||
| 101 | 0 | _arus | |
| 102 | _aRU | ||
| 105 | _aa|||z|||000zy | ||
| 181 | 0 |
_ai _baxxe |
|
| 182 | 0 | _an | |
| 200 | 1 |
_aАрктика _eрегион будущего развития _fС. С. Жильцов, И. С. Зонн |
|
| 203 |
_aТекст _bвизуальный _cнепосредственный |
||
| 210 |
_aМосква _cАспект Пресс _d2022 |
||
| 215 |
_a318, [1] с. _cил. _d25 |
||
| 300 | _aНа 4-й с. обл. авт.: Жильцов С.С. - д-р полит. наук, Зонн И.С. - д-р геогр. наук, действ. чл. Рос. акад. естеств. наук и Акад. геополит проблем, засл. мелиоратор Рос. Федерации, лауреат рос. нац. премии "Подводный мир" (2016) | ||
| 320 | _aБиблиогр. в прил.: 314-316 | ||
| 320 | _aБиблиогр.: с. 317-319 (49 назв.) и в подстроч. примеч. | ||
| 330 | _aКнига посвящена геополитической борьбе, которая развернулась в Арктике в последние десятилетия. Исследуются ключевые проблемы региона: международно-правовой режим Арктики, подходы к использованию углеводородных ресурсов, вопросы судоходства и международного сотрудничества, экологии, влияния климатических изменений, научных исследований. Большое внимание уделяется политике отдельных стран, в том числе и неарктических государств, развитию военной инфраструктуры в Арктике и строительству новых ледоколов, анализируются разные подходы к использованию судоходных путей. Издание адресовано широкому кругу читателей, всем, кто интересуется Арктикой, правовыми вопросами, проблемами добычи природных ресурсов, судоходства, международным сотрудничеством и экологией. Книга будет полезна политикам, ученым и экспертам | ||
| 606 | 1 |
_aЭкология _yАрктика _2nlr_sh1 _2nlr_sh2 _3RU\NLR\AUTH\661206256 |
|
| 606 | 1 |
_aКлимат _xИзменения _yАрктика _2nlr_sh1 _2nlr_sh2 _3RU\NLR\AUTH\66627489 |
|
| 606 | 1 |
_aНефтепромысловые сооружения морские _xСтроительство _yАрктика _2nlr_sh1 _2nlr_sh2 _3RU\NLR\AUTH\661329298 |
|
| 606 | 1 |
_aНефть _xМорские перевозки _yАрктика _2nlr_sh1 _2nlr_sh2 _3RU\NLR\AUTH\661338899 |
|
| 607 |
_aАрктика _xОсвоение _xГеополитический аспект _2nlr_sh2 _3RU\NLR\AUTH\6601590301 |
||
| 607 |
_aАрктика _xМеждународно-правовой режим _2nlr_sh1 _2nlr_sh2 _3RU\NLR\AUTH\6667063 |
||
| 686 | 1 | _aЕ081(881) | |
| 686 | 1 | _aД247.6(881) | |
| 686 | 1 | _aФ4(881)3 | |
| 686 | 1 | _aТ3(881)63-6 | |
| 686 | 1 | _aХ912.6(881) | |
| 686 | 1 | _aН721.16 | |
| 686 | 1 | _aО486.489.3 | |
| 700 | 1 |
_aЖильцов _bС. С. _f1971- _gСергей Сергеевич |
|
| 701 | 1 |
_aЗонн _bИ. С. _f1938- _gИгорь Сергеевич _3RU\NLR\AUTH\7730260 |
|
| 942 | _cBOOK | ||
| 980 | _aNB | ||